00908nam a2200217Ia 4500003000900000008004100009020001800050040001600068080001700084111012200101245026400223260004100487300001500528490003700543650001400580650001300594700001900607700002000626700002100646700002300667IN-BaIIA211028s9999 xx 000 0 eng d a4-946443-44-4 cIIA Library a524.354bNEU aInternational Conference on Neutron Stars and Pulsars Thirty Years After The DiscoverycTokyo, Japand1997 Nov. 17-20 0aNeutron stars and pulsarsbproceedings of the international conference on neutron stars and pulsars thirty years after the discovery, held in Tokyo, Japan, November 17-20, 1997cedited by N. Shibazaki…[et al.]  aTokyobUniversal Academy Pressc1998 axvi, 564p. aFrontiers science series; no. 24 aAstronomy aInternet aKawai, N., ed. aKifune, T., ed. aShibata, S., ed. aShibazaki, N., ed.